Born In... November (Slideshow) Quiz Stats

Quiz not verified by Sporcle

Challenge
Share
Tweet
Score 0/30 Timer 08:00
0 Plays Today
% Correct
Owen Wilson
86.5%
Ben Stiller
75.6%
Miley Cyrus
73%
Ryan Gosling
69.5%
Jodie Foster
67.2%
Maggie Gyllenhaal
60.8%
Scarlett Johansson
59.8%
Don Cheadle
59.5%
Tilda Swinton
58.2%
Sean Combs
58.2%
Lorde
55.9%
Rachel McAdams
52.4%
Stanley Tucci
50.8%
Christina Applegate
45.7%
Carly Rae Jepsen
43.7%
% Correct
Rita Ora
40.8%
Nelly
36.7%
Shailene Woodley
36.3%
Toni Collette
36.3%
Josh Duhamel
35.4%
Joel McHale
35%
Ellen Pompeo
31.5%
Chris Noth
31.2%
Anna Wintour
28.6%
Sarah Hyland
28.6%
Anna Nicole Smith
27%
Thandie Newton
25.1%
Kathryn Bigelow
24.4%
Alfre Woodard
19.6%
Eric Dane
17%

You're not logged in!

Compare scores with friends on all Sporcle quizzes.
Join for Free
OR
Log In

You Might Also Like...

Show Comments

Extras

Top Quizzes Today


Score Distribution

Your Account Isn't Verified!

In order to create a playlist on Sporcle, you need to verify the email address you used during registration. Go to your Sporcle Settings to finish the process.

Report this User

Report this user for behavior that violates our Community Guidelines.

Details: